000
00357nam a2200169Ia 4500
003
0STCL
008
150530s9999 xx 000 0 und d
040
_a
STCL
_c
STCL
100
_a
Butler, J.
245
_a
Fielding:Tom Jones
250
_a
First
260
_c
1981
546
_a
English
942
_2
ddc
_c
BK
999
_c
51869
_d
51869
005
20220125170848.0